| 000 | 00519 a2200157 4500 | ||
|---|---|---|---|
| 999 |
_c10200 _d10200 |
||
| 020 | _a9788188821198 | ||
| 050 | 0 | 0 | _aBD450MON2019 |
| 100 | 1 |
_aMondin, Battista _d1913- _eauthor |
|
| 245 | 1 | 0 |
_aPhilosophical Anthropology : _c Battista Mondin _bMan : An Impossible Project? / |
| 264 |
_aBengalore : _bTheological Publications in India, _cc2019 |
||
| 300 | _a279 p. : | ||
| 500 | _awith table of contents | ||
| 504 | _aBibliography: p. [241]-246. | ||
| 650 | 0 | _aPhilosophical anthropology. | |
| 942 |
_2lcc _cBK _h450 _iMON _kBD |
||